| 000 | 00684cam a2200229 i 4500 | ||
|---|---|---|---|
| 001 | 17851233 | ||
| 005 | 20250116181057.0 | ||
| 008 | 130814s2014 enk d 000 0 eng | ||
| 020 | _a9780199664931 (pbk.) | ||
| 020 | _a0199664935 (pbk.) | ||
| 050 | 0 | 0 |
_aHG151 _b.D54 2014 |
| 082 | 0 | 0 |
_a332.03 _223 |
| 245 | 0 | 2 | _aA dictionary of finance and banking. |
| 250 | _aFifth edition. | ||
| 300 |
_a481 pages ; _c20 cm. |
||
| 500 | _a"Editor of the fourth and fifth editions, Jonathan Law"--Preliminary page. | ||
| 500 | _aPrevious edition: 2008. | ||
| 650 | 0 |
_aFinance _vDictionaries. |
|
| 650 | 0 |
_aBanks and banking _vDictionaries. |
|
| 700 | 1 | _aLaw, Jonathan. | |
| 942 |
_2lcc _cBK _n0 |
||
| 999 |
_c2603 _d2603 |
||